000 00361nam a2200133Ia 4500
008 240624s9999 xx 000 0 und d
041 _aeng
082 _a339 FRY
100 _aFRYDMAN ROMAN
245 _aBEYOND MECHANICAL MARKETS ASSET PRICE SW
260 _c2011
_aNew Jersey
_bPrinceton University Press
300 _axv, : 285 : p. : cm. ; 24
365 _cRS
999 _c24061
_d24061